|
|
|
|
| LEADER |
01400nam a2200289 a 4500 |
| 001 |
1394 |
| 003 |
BD-DhAAL |
| 005 |
20150415144322.0 |
| 008 |
150415s1997 iluab 001 0 eng |
| 010 |
|
|
|a 96021355
|
| 020 |
|
|
|a 0256185921
|
| 040 |
|
|
|a DLC
|c DLC
|d DLC
|d BD-DhAAL
|
| 050 |
0 |
0 |
|a KF320.L4
|b C38 1997
|
| 082 |
0 |
0 |
|a 340/.023/73
|2 20
|
| 100 |
1 |
|
|a Carlson, Rhonda.
|9 10416
|
| 245 |
1 |
0 |
|a Introduction to paralegalism /
|c Rhonda Carlson.
|
| 260 |
|
|
|a Chicago :
|b Irwin,
|c c1997.
|
| 300 |
|
|
|a xviii, 300 p. :
|b ill., 1 map ;
|c 27 cm.
|
| 500 |
|
|
|a Includes index.
|
| 541 |
|
|
|e 1394
|
| 650 |
|
0 |
|a Legal assistants
|z United States.
|9 10417
|
| 942 |
|
|
|2 ddc
|c BK
|
| 999 |
|
|
|c 34238
|d 34238
|
| 952 |
|
|
|0 0
|1 0
|2 ddc
|4 0
|6 340_023730000000000_CAR
|7 0
|9 53455
|a SCL
|b SCL
|c GEN
|d 2015-04-15
|e Gift: The Asia Foundation
|l 0
|o 340.02373 CAR
|p 3020001394
|r 2015-04-15
|t 1
|w 2015-04-15
|y BK
|
| 952 |
|
|
|0 0
|1 0
|2 ddc
|4 0
|6 340_023730000000000_CAR
|7 0
|9 53554
|a SCL
|b SCL
|c GEN
|d 2015-04-25
|e Gift: The Asia Foundation
|l 1
|o 340.02373 CAR
|p 3020000107
|r 2024-11-02
|s 2024-10-26
|t 2
|w 2015-04-25
|y BK
|
| 952 |
|
|
|0 0
|1 0
|2 ddc
|4 0
|6 340_023730000000000_CAR
|7 0
|9 53555
|a SCL
|b SCL
|c GEN
|d 2015-04-25
|e Gift: The Asia Foundation
|l 0
|o 340.02373 CAR
|p 3020000106
|r 2015-04-25
|t 3
|w 2015-04-25
|y BK
|
| 952 |
|
|
|0 0
|1 0
|2 ddc
|4 0
|6 340_023730000000000_CAR
|7 0
|9 54398
|a SCL
|b SCL
|c GEN
|d 2015-06-20
|e Gift: The Asia Foundation
|l 0
|o 340.02373 CAR
|p 3020001399
|r 2015-06-20
|t 4
|w 2015-06-20
|y BK
|